000 00748 a2200217 4500
001 125971
020 _a9781409386605
040 _cEscola Canadense de Niteroi
090 _aDOR
100 _aDorling Kindersley Publishing
245 1 0 _aAnimals
250 _aUK. Ed.
260 _aUnited Kingdom
300 _c5 x 0.63 x 6.61 inches (hardcover)
362 0 _a2012
490 0 _aPocket Eyewitness
520 _aPart of a series packed with bite-sized chunks of information that will encourage and inform even the most reluctant readers. Here, explore the animal kingdom's family tree and you'll discover the unique features that make a mammal a mammal, or a fish a fish.
650 4 _aAnimals
650 4 _aNon-Fiction
942 _cBK
999 _c125971
_d125971